Inquietudes (Record no. 93800)

MARC details
000 -LEADER
campo de control de longitud fija 00446nam a2200157 i 4500
001 - NÚMERO DE CONTROL
campo de control 93800
003 - IDENTIFICADOR DE NÚMERO DE CONTROL
campo de control ES-MaACL
007 - CAMPO FIJO DE DESCRIPCIÓN FÍSICA--INFORMACIÓN GENERAL
campo de control de longitud fija t|
008 - DATOS DE LONGITUD FIJA--INFORMACIÓN GENERAL
campo de control de longitud fija 050420s1979 sp ||||1| spa d
100 1# - ENTRADA PRINCIPAL--NOMBRE DE PERSONA
Nombre de persona Madrona, Amparo.
9 (RLIN) 75367
245 10 - MENCIÓN DEL TÍTULO
Título Inquietudes
Resto del título : poesías /
Mención de responsabilidad, etc. Amparo López Madrona.
260 ## - PUBLICACIÓN, DISTRIBUCIÓN, ETC.
Lugar de publicación, distribución, etc. Madrid :
Nombre del editor, distribuidor, etc. Gráf. Do-Mo,
Fecha de publicación, distribución, etc. 1979.
300 ## - DESCRIPCIÓN FÍSICA
Extensión 75 p. :
Otras características físicas il. ;
Dimensiones 20 cm.
852 ## - LOCALIZACIÓN
Ubicación ES-MaACL
Número de control de estantería L-606
Sublocalización o colección R.101182
852 ## - LOCALIZACIÓN
Ubicación ES-MaACL
Número de control de estantería L-708
Sublocalización o colección R.101181
Holdings
Estatus retirado Estado de pérdida Estado de daño No para préstamo Biblioteca de origen Biblioteca actual Ubicación en estantería Fecha de adquisición Fuente de adquisición Total de préstamos Signatura topográfica completa Código de barras Visto por última vez Precio de reemplazo Tipo de ítem Koha
        Biblioteca del Ateneo de Madrid Biblioteca del Ateneo de Madrid Depósito 2 17/01/2008     L-708 1097960 23/02/2023 23/02/2023 Libro impreso
        Biblioteca del Ateneo de Madrid Biblioteca del Ateneo de Madrid Depósito 2 17/01/2008     L-606 1097959 23/02/2023 23/02/2023 Libro impreso